000 01056nam0a22002531 4500
001 rc\224740
005 20250621003458.0
035 _a(NLR Aleph) 005478444
090 _a5104762
_c5104762
100 _a20030307d1990 |||y0rusy50 ca
101 0 _arus
102 _aRU
105 _aa |||||||||
200 1 _aХимическое строение и красильные свойства кубовых красителей
_f[Сост. к. т. н. Л.А. Чурсина]
210 _aМ.
_cЦНИИТЭИлегпром
_d1990
215 _a[1], 153 с.
_cил.
_d20
225 1 _aОбзорная информация
_fГос. ком. по лег. пром-сти при Госплане СССР. ЦНИИ информ. и техн.-экон. исслед. лег. пром-сти
_iХлопчатобумажная промышленность
320 _aБиблиогр.: с. 144-152
333 _aДСП. Экз. № 000008
801 0 _aRU
_bNLR
_gpsbo
801 1 _aRU
_bELAR
_2rusmarc
852 _aNLR
_j91-50К/1090
942 _cBOOK
980 _aNB